000 00535nam a2200217Ia 4500
003 OSt
005 20221007071543.0
006 a|||||r|||| 00| 0
007 ta
008 221006b |||||||| |||| 00| 0 eng d
024 _a11,332
037 _cTextual
040 _aFLL
_cFLL
_beng
041 _2eng
_aeng
082 _aV1:231:9, K2
245 0 _aParliaments
260 _aLondon
_bCassell and company London
_c1962
300 _a321p
_ccm.
942 _hV1:231:9, K2
_cTEXL
_2CC
999 _c1143654
_d1143654